| 000 | 00402cam a22001815a 4500 | ||
|---|---|---|---|
| 001 | L140286 | ||
| 008 | 070914s2003 xxk f 000 0 eng d | ||
| 020 | _a1903684366 | ||
| 035 | _a(Sirsi) u140286 | ||
| 041 | 0 | _aeng | |
| 100 | 1 | _aParry, T. | |
| 245 | 0 | 0 | _aReuters Financial Glossary |
| 250 | _a2nd | ||
| 260 |
_bReuters _c2003 |
||
| 350 | _a16.25 | ||
| 651 | 4 | _aENGLAND AND WALES | |
| 942 | _n0 | ||
| 999 |
_c107473 _d107473 |
||